Digital princiles and design (Record no. 132127)

000 -LEADER
fixed length control field 00299nam a2200109Ia 4500
008 - FIXED-LENGTH DATA ELEMENTS--GENERAL INFORMATION
fixed length control field 220120s9999||||xx |||||||||||||| ||und||
100 ## - MAIN ENTRY--PERSONAL NAME
Personal name Givone,Donald D
9 (RLIN) 2779
245 #0 - TITLE STATEMENT
Title Digital princiles and design
260 ## - PUBLICATION, DISTRIBUTION, ETC.
Place of publication, distribution, etc. Tata mcgraw-hill co.
Date of publication, distribution, etc. 2002
300 ## - PHYSICAL DESCRIPTION
Other physical details 295
650 ## - SUBJECT ADDED ENTRY--TOPICAL TERM
Topical term or geographic name entry element SOFTWARE ENGINEERING
9 (RLIN) 1072
Holdings
Withdrawn status Lost status Source of classification or shelving scheme Damaged status Not for loan Collection code Home library Current library Shelving location Date acquired Barcode Date last seen Price effective from Koha item type
          Electronics and Communication Engineering Central Library Central Library Book Cart 01/20/2022 SC184 01/20/2022 01/20/2022 Scheduled Caste Book Bank

Powered by Koha